Partizánmegtorlások utólagos igazolása Zentán a gyilkosságokat követő feljelentésekben
The study examines the partisan reprisals against local Hungarians in Zenta in 1944, during the Second World War, and the mechanism of their subsequent justification, with particular regard to the denunciations made by local residents. The analysis of the content and impact of the denunciations in t...
Elmentve itt :
| Szerző: | |
|---|---|
| Dokumentumtípus: | Cikk |
| Megjelent: |
2023
|
| Sorozat: | Délvidéki szemle
10 No. 2 |
| Kulcsszavak: | Zenta története - 1941-1944, Politikai terror - Jugoszlávia - 1944-1945 |
| Tárgyszavak: | |
| Online Access: | http://acta.bibl.u-szeged.hu/88957 |
| LEADER | 01644nab a2200229 i 4500 | ||
|---|---|---|---|
| 001 | acta88957 | ||
| 005 | 20251113100727.0 | ||
| 008 | 251113s2023 hu o 000 hun d | ||
| 022 | |a 2416-223X | ||
| 040 | |a SZTE Egyetemi Kiadványok Repozitórium |b hun | ||
| 041 | |a hun | ||
| 041 | |a eng | ||
| 100 | 1 | |a Forró Lajos | |
| 245 | 1 | 0 | |a Partizánmegtorlások utólagos igazolása Zentán a gyilkosságokat követő feljelentésekben |h [elektronikus dokumentum] / |c Forró Lajos |
| 260 | |c 2023 | ||
| 300 | |a 114-130 | ||
| 490 | 0 | |a Délvidéki szemle |v 10 No. 2 | |
| 520 | 3 | |a The study examines the partisan reprisals against local Hungarians in Zenta in 1944, during the Second World War, and the mechanism of their subsequent justification, with particular regard to the denunciations made by local residents. The analysis of the content and impact of the denunciations in the Vojvodina Archives, fonds 183, highlights the distortions in the judicial process and the dangers of the principle of collective guilt. The analysis of the documents reveals that the partisan authorities often produced them for ex-post self-corroboration, which raises serious questions about their objectivity and credibility. The paper stresses the importance of source criticism and the complexity of historical truth, which cannot allow for simplistic collective imputations of responsibility. | |
| 650 | 4 | |a Bölcsészettudományok | |
| 650 | 4 | |a Történettudomány és régészet | |
| 695 | |a Zenta története - 1941-1944, Politikai terror - Jugoszlávia - 1944-1945 | ||
| 856 | 4 | 0 | |u http://acta.bibl.u-szeged.hu/88957/1/delvideki_szemle_2023_002_114-130.pdf |z Dokumentum-elérés |